[Event "USA-ch"]
[Site "San Diego"]
[Date "2004.12.04"]
[Round "9"]
[White "Nakamura, Hikaru"]
[Black "Ibragimov, Ildar"]
[Result "1-0"]
[WhiteElo "2620"]
[BlackElo "2585"]
[Annotator "Psakhis,L"]
[PlyCount "131"]
[EventDate "2004.11.24"]
[EventType "swiss"]
[EventRounds "9"]
[EventCountry "USA"]
[SourceTitle "CBM 105"]
[Source "ChessBase"]
[SourceDate "2005.04.11"]
[SourceVersion "1"]
[SourceVersionDate "2005.04.11"]
[SourceQuality "1"]

{[%mdl 2]} 1. e4 e6 2. d4 d5 3. e5 c5 4. c3 Nc6 5. Nf3 Nge7 6. Na3 cxd4 7. cxd4
Nf5 8. Nc2 Qb6 (8... Nh4 9. Nxh4 Qxh4 10. Be2 Bd7 11. O-O f5 12. b4 Qd8 13. b5
Na5 14. Ne3 Be7 15. Bd2 O-O 16. Qe1 b6 17. f4 $14 {Motylev-Potkin, TCh-RUS,
Togliatti 2003.}) (8... Nb4 9. Be2 Nxc2+ 10. Qxc2 Qa5+ 11. Bd2 Bb4 12. a3 Bxd2+
13. Qxd2 Qxd2+ 14. Kxd2 Bd7 15. Rac1 Ne7 16. h4 Nc6 17. h5 h6 18. Rh4 $14 {
Svidler-Luther, Bundesliga 2003.}) 9. Be2 ({Sveshnikov gives the following
game as examplary for White:} 9. Bd3 $1 Bb4+ 10. Kf1 Be7 11. h4 h5 12. g3 a5
13. Kg2 Bd7 14. Bxf5 exf5 15. Bg5 Bxg5 16. Nxg5 f4 17. Qf3 $1 $16 {
Malaniuk-Lputian, Kiev 1986.}) 9... Bb4+ 10. Kf1 Be7 11. g3 (11. h4 h5 12. Bd3
Bd7 13. Rh3 $5 Rc8 14. Kg1 a5 15. Bxf5 exf5 16. Rg3 g6 17. Bg5 Qxb2 18. Nfe1
Qb6 19. Rb1 Qa6 20. Nd3 Bxg5 21. Nc5 Qc4 22. e6 Bxe6 23. Rxg5 Nd8 24. Na3 Qxa2
25. Qc1 O-O 26. Kf1 Re8 27. Ra1 Rxc5 28. dxc5 Qb3 {1/2-1/2 Szieberth,A-Farago,
I/Budapest-06 GM 2004/ChessBase}) 11... Bd7 (11... O-O 12. h4 Qd8 13. Ne3 Nxe3+
14. Bxe3 f6 15. Bf4 Qb6 16. Rb1 Bd7 17. Kg2 fxe5 18. Nxe5 Nxe5 19. Bxe5 Bf6 20.
f4 Bxe5 21. fxe5 Bb5 22. Bxb5 Qxb5 23. Qd2 Rf7 24. Rhf1 Raf8 25. Rxf7 Rxf7 26.
Rc1 {Angelopoulos,P-Spirakopoulos,I/Ambelokipi op-33 2001/ChessBase/0-1 (45)})
12. Bd2 $146 (12. b4 Nxb4 13. Rb1 Ba4 14. Bd3 Qc7 15. Rxb4 Bxb4 16. Qe2 Be7 17.
Kg2 Rc8 18. Ne3 Nxe3+ 19. Bxe3 O-O 20. Ng5 Bxg5 21. Qh5 h6 22. Bxg5 Qc3 23. Bb1
Bc2 24. Be3 Qd3 25. Bxc2 Rxc2 26. Re1 Rxa2 {Quiñonero Simon,J-Grau Dominguez,E/
Equipos Autonomico 2000/ChessBase/0-1 (35)}) (12. b3 O-O 13. Kg2 f6 14. g4
Nfxd4 15. Ncxd4 fxe5 16. Nxc6 bxc6 17. Rf1 Bd6 18. Bb2 Qc7 {Djuric,P-Masic,P/
Yugoslavia 1996}) (12. Kg2 O-O (12... Rc8 13. h3 Nb4 14. Nxb4 Qxb4 15. a4 Qb6
16. h4 h5 17. Bg5 f6 18. Bf4 Kf7 19. Bd3 Rc4 20. Bxc4 dxc4 21. d5 exd5 22.
Qxd5+ Be6 23. Qb5 Qxb5 24. axb5 Bd5 {0-1 Morris,P-Farago,I/Hastings II 1989/
ChessBase (42)}) 13. g4 Nh4+ 14. Nxh4 Bxh4 15. Be3 Rac8 16. Qd2 Be7 17. f4 f6
18. b3 fxe5 19. fxe5 Nxe5 20. dxe5 Rxc2 21. Qxc2 Qxe3 22. Raf1 Rc8 23. Qd3 Qxe5
24. Rf2 Rc3 25. Qd2 Bc6 26. Bf3 Bd6 {Serrano Pozo,F-Mario,S/corr 1999/
ChessBase/0-1}) 12... O-O 13. h4 {[%cal Gg3g4]} (13. g4 Nh4 14. Nxh4 Bxh4 15.
Kg2 f6 $1) 13... f6 $1 {This is an good way to solve the opening problems} 14.
g4 Nfxd4 $5 (14... Nxh4 15. Rxh4 (15. Nxh4 fxe5 $44) 15... fxe5 {[%cal Oe7h4,
Ge5e4]} 16. Bg5 $5 Bxg5 17. Nxg5 h6 $44) 15. Ncxd4 fxe5 16. Nxc6 bxc6 $132 {
[%mdl 2560]} 17. Bc3 $5 Bd6 (17... e4 18. Qd4 Qxd4 19. Nxd4 c5 (19... e5 $5)
20. Nb3 d4 21. Nxd4 cxd4 22. Bxd4 $14) (17... d4 18. Nxd4 (18. b3 $5 Bc5 $5
$132) 18... exd4 19. Qxd4 Qxd4 20. Bxd4 c5 21. Be3 Bc6 $132) 18. Rh3 Rab8 ({
A very unusual position could have arisen after} 18... h5 $142 $5 19. gxh5 $140
e4 20. h6 $5 $132 (20. Bd4 c5) (20. Qd4 $2 e5 {[%cal Oe5d4,Rd7h3]})) 19. Bd3
Qc7 (19... e4 $5 20. Bxe4 e5 $44) 20. Ng5 h6 $5 (20... e4 21. Bxe4 (21. Nxe4
dxe4 22. Bxe4 Bc5 23. f3 e5 $13) 21... dxe4 22. Qd4 Bc8 (22... e5 23. Qc4+ Kh8
24. Qxe4 g6 25. h5 $40) 23. Rd1 h6 24. Qxd6 Qxd6 25. Rxd6 hxg5 26. hxg5 $36)
21. Bh7+ (21. Nh7 $6 Rf4 22. Bg6 Bc5 {looks rather artificial.}) 21... Kh8 22.
Qc2 (22. Bc2 $5 hxg5 $140 23. hxg5+ Kg8 24. g6 Bc5 25. f3 e4 26. Ke2 $132)
22... Rf4 ({Too dangerous is} 22... hxg5 23. hxg5 {- it looks like White has
at least perpetual check, but to be honest, I think that Black now can just
dream about this result.}) (22... e4 23. Bxe4 $1 dxe4 24. Qxe4 hxg5 25. hxg5+
Kg8 26. Qh7+ Kf7 27. g6+ Ke8 28. Bxg7 $18) 23. Qg6 (23. Bg6 $6 hxg5 24. hxg5+
Kg8 25. Ke2 Qb6 26. f3 Bc8 $17) ({Worth considering} 23. Bg8 $5 e4 $5 (23...
Kxg8 24. Qh7+ Kf8 25. Qh8+ Ke7 26. Qxg7+ Kd8 27. Nf7+ Rxf7 28. Qxf7 $36) 24.
Bxe6 Rbf8 25. Bd4 c5 $132 {with sharp and unclear game.}) 23... Rf6 $5 ({
Black could try} 23... Qb6 {but after for example} 24. Rf3 hxg5 25. Rxf4 (25.
Qh5 $6 Rxf3 26. Be4+ Kg8 27. Qh7+ Kf8 28. Bxf3 d4 $17) 25... gxf4 26. Qh5 d4
27. Bd2 Qxb2 28. Bg6+ Kg8 29. Qh7+ Kf8 30. Qh8+ Ke7 31. Qxg7+ Kd8 32. Ba5+ {
the initiative belongs to white.}) 24. Nf7+ (24. Qc2 Rbf8 25. Ne4 $5 dxe4 26.
Bxe4 Rf4 $36) 24... Rxf7 25. Qxf7 Kxh7 26. g5 (26. h5 $5) 26... Be8 (26... c5
$5 {[%cal Oc7f7,Rd7b5]} 27. Rf3 d4 $17) 27. g6+ Kh8 28. Qxc7 Bxc7 {White
manage to keep exhange , but Black's strong pawns in the center gives him, at
worst, sufficient compensation.} 29. h5 d4 30. Rf3 (30. Be1 e4 $1) 30... Kg8
31. Be1 c5 (31... Rxb2 32. Rb3 Rc2 (32... Rxb3 33. axb3 Bb6 34. f3 $132) 33.
Rb7 Bb6 34. a4 {I believe that Black's chances are higher, but it will be not
so easy to play this double-egged position .}) 32. Rc1 Bd6 (32... e4 $5) 33.
Rb3 $5 Rxb3 34. axb3 Bb5+ 35. Kg2 Kf8 ({Why not} 35... e4 $5 {[%csl Gc5,Gd4,
Ge4] with clear advantage.}) 36. f3 $1 Bd3 37. Bg3 Ke7 38. b4 $5 {open line
for the rook.} cxb4 (38... c4 39. Ra1 Bb8 40. Ra5 $1) 39. Rc8 {[%csl Rg7]} e4
$1 40. Rg8 $1 (40. fxe4 Bxe4+ 41. Kf2 Bxg3+ 42. Kxg3 d3 $17) 40... Bxg3 41.
Rxg7+ Kf8 42. Rf7+ Kg8 43. Kxg3 e3 {[%csl Gd4,Ge3,Gg6] It is very difficult to
evaluate this sharp endgame.} 44. Rd7 {Possibly wrong decision. Nakamura could
make a draw by playing} (44. Rxa7 $5 Bxg6 $5 45. Rd7 $1 (45. hxg6 $140 $2 d3
46. Rd7 d2 $19) 45... d3 46. Rd8+ Kg7 47. Rd7+ Kg8 (47... Kf6 48. hxg6 d2 49.
g7 e2 50. g8=Q e1=Q+ 51. Kg2 Qe2+ $11) 48. Rd8+ $11 {but he still tries to win
game.}) 44... e5 45. f4 (45. Rd8+ Kg7 46. Rd7+ Kf6 $1 47. Rd6+ Ke7) 45... exf4+
46. Kxf4 e2 47. Re7 (47. Rd8+ Kg7 48. Re8 Bb5 49. Re7+ Kf8 $19) 47... Kf8 48.
Re5 (48. g7+ Kxe7 49. g8=Q e1=Q 50. Qg7+ Kd6 $1 51. Qxd4+ Ke6 52. Qxd3 Qe5+ $19
) 48... a5 $4 {[%mdl 8192]} ({Unfortunately Ibragimov missed that after} 48...
Bb5 $1 49. Kf5 d3 50. Kf6 {he can continue} Ba4 $3 (50... d2 $2 51. g7+ Kg8 52.
Rxb5 $18) 51. Re7 e1=Q $1 52. Rxe1 d2 $19 {with an easy victory.}) 49. Kf3 a4
50. Kf2 a3 51. bxa3 b3 (51... bxa3 52. Ra5 $18) 52. g7+ $1 Kxg7 53. Re7+ Kf6
54. Rb7 Bc4 (54... Bc2 55. Kxe2 Kg5 56. Rb5+ Kg4 57. Kd2 $18) 55. Rb4 Bf7 (
55... b2 56. Rxb2 d3 57. a4 $1 (57. Rb6+ Kg5 58. Rd6 Kxh5 59. a4 $16) 57... Kg5
$140 58. Rb5+ $1 $18) 56. a4 (56. Kxe2 $5 Bxh5+ 57. Kd3 Bf7 58. Rxd4) 56... d3
57. a5 Bxh5 (57... Ke5 58. a6 Bxh5 59. Rb5+ Kd4 60. Rxh5 $18) 58. Ke1 (58. Rb6+
$2 Ke5 $1 59. Rb5+ Kd4 60. Rxh5 b2 61. Rb5 Kc3 62. a6 Kc2 $1 63. Rxb2+ $1 Kxb2
64. a7 d2 65. Kxe2 Kc2 66. a8=Q d1=Q+ 67. Kf2 $11) 58... Ke5 59. a6 $1 ({
White avoids the last trick:} 59. Rb5+ Kd4 60. Rxh5 b2 61. Rb5 Kc3 62. a6 Kc2
63. Rc5+ Kb3 64. Rb5+ Kc2 $11) 59... Bf3 $8 60. a7 h5 61. Rxb3 Kd4 62. Rb8 h4 (
62... Kc3 63. Rc8+ Kb4 64. a8=Q Bxa8 65. Rxa8 $18) 63. Rd8+ (63. Kd2 $5) 63...
Kc3 64. Rc8+ Kd4 65. Kd2 h3 66. a8=Q 1-0

[Event "Sigeman & Co 13th"]
[Site "Malmo/Copenhagen"]
[Date "2005.04.15"]
[Round "1"]
[White "Nakamura, Hikaru"]
[Black "Hansen, Curt"]
[Result "1/2-1/2"]
[WhiteElo "2657"]
[BlackElo "2633"]
[Annotator "Huzman,A"]
[PlyCount "81"]
[EventDate "2005.04.15"]
[EventType "tourn"]
[EventRounds "9"]
[EventCountry "SWE"]
[EventCategory "13"]
[SourceTitle "CBM 107"]
[Source "ChessBase"]
[SourceDate "2005.08.01"]
[SourceVersion "1"]
[SourceVersionDate "2005.08.01"]
[SourceQuality "1"]

1. c4 c6 2. d4 d5 3. Nf3 Nf6 4. Qc2 dxc4 5. e4 b5 6. b3 cxb3 7. axb3 e6 (7...
Bg4 8. Nbd2 (8. Ne5 $6 Qxd4 9. Nxc6 Qxa1 10. Bxb5 Bd7 11. Bb2 Qxb2 12. Qxb2
Nxc6 13. O-O e6 $17 {0-1 Rausis,I-Szabolcsi,J/France 2000/CBM 90/[Konikowski] 
(59)}) 8... e6 9. Bd3 Bxf3 10. Nxf3 Bb4+ 11. Bd2 Bxd2+ 12. Qxd2 O-O 13. O-O a5
14. Rfc1 $44 {1/2-1/2 Bischoff,D-Dresen,U/GER-ch Hoeckendorf 2004/(24)}) 8. Bd2
a5 9. Bd3 Bb7 (9... Na6 10. O-O Bb7 11. Bxa5 Nb4 12. Bxd8 Nxc2 13. Rxa8 Bxa8
14. Bxf6 Nb4 15. Nc3 gxf6 16. Ra1 Bb7 17. Ra7 Bc8 18. Be2 $16 {Arsovic,
Z-Pajkovic,V/Vrnjacka Banja 1998/ (26)}) (9... h6 10. O-O Bb7 (10... Be7 11.
Nc3 (11. Bf4 Bb7 12. Nc3 (12. Qe2 Nbd7 $6 13. Nc3 b4 14. Na4 Qc8 15. Nd2 Ba6
16. Nc4 Bxc4 17. Bxc4 Qb7 18. Rfc1 O-O 19. Bd3 $44 {1-0 Ivanov,M-Zierke,O/
Berlin 1999/CBM 90/[Konikowski] (50)}) 12... O-O 13. Qe2 b4 14. Na4 Nfd7 15.
Rac1 Ba6 16. Bxa6 Rxa6 17. Rfd1 Re8 18. Ne5 Nxe5 19. dxe5 Qc7 20. Rd6 $44 {
1-0 Manolache,M-Itkis,B/Tusnad ROM 2005/The Week in Chess 552 (22)}) (11. Re1
Bb7 12. Nc3 Na6 13. Qc1 Nb4 14. Bb1 Rc8 15. Qd1 c5 16. Nxb5 Ba6 17. Bxb4 cxb4
18. Bd3 Qb6 19. Qe2 $11 {0-1 Bischoff,D-Gisbrecht,E/Saarbruecken 2002/CBM 93 
(31)}) 11... b4 12. Na4 O-O 13. Rfe1 Ba6 14. Bxa6 Rxa6 15. e5 Nd5 16. Re4 Nd7
17. Bxh6 gxh6 18. Rg4+ Kh8 19. Qd2 $16 {1-0 Richter,M-Gisbrecht,E/Germany 2002/
CBM 88 ext (24)}) 11. Qc1 (11. Nc3 b4 12. Na4 Nbd7 13. Bf4 Be7 14. Rfd1 Nh5 15.
Be3 Nhf6 16. Ne5 Qc7 (16... Nxe5 $142) 17. Nxd7 Nxd7 18. Rac1 O-O 19. Qd2 $44 {
1-0 Rausis,I-Varga,P/Basel 1999/EXT 2000 (32)}) 11... Nbd7 12. Re1 Be7 {
1/2-1/2 Rausis,I-Kiss,P/Bern 1998/}) 10. O-O Be7 11. Bc3 (11. Nc3 Na6 (11... b4
12. e5 (12. Na4 h6 13. Rfe1 Nbd7 14. Rad1 Rc8 15. Bc1 Qc7 16. g3 Qb8 17. Qe2 c5
18. Bf4 Qa8 19. d5 exd5 20. e5 Ne4 21. Bxe4 dxe4 22. e6 $40 {1-0 Thorfinnsson,
B-Gretarsson,H/Reykjavik ISL 2004/(36)}) 12... bxc3 13. exf6 Bxf6 14. Bxc3 Nd7
15. Nd2 Nb6 16. Rxa5 Bxd4 17. Rxa8 Bxa8 18. Bxd4 Qxd4 19. Nf3 Qf6 20. Qc5 Nd5
$11 {1/2-1/2 Martin Vazquez,J-Escobar Dominguez,D/Seville ESP 2004/(60)}) 12.
Ne2 Nb4 13. Bxb4 Bxb4 14. Nf4 g6 15. h4 Nd7 16. e5 Be7 17. Be4 Bxh4 18. g3 $2 (
18. Nxh4 $1 Qxh4 19. Bxc6 Bxc6 20. Qxc6 Rb8 21. Ne2 (21. d5 $5) 21... Qd8 22.
Nc3 Rc8 23. Qf3 Qb6 24. Ne4 O-O 25. Rfd1 $44) (18. Nd3 $5) 18... Be7 19. Kg2
Qb6 20. Nd3 Rc8 $17 {Van der Werf,M-Gurevich,M/Amsterdam NED 2002/ (31)}) 11...
h6 (11... Nbd7 12. Nbd2 Qb6 13. Ra2 c5 14. Rfa1 $14) 12. Nbd2 Nbd7 13. Ra2 O-O
14. Rfa1 b4 15. Bb2 c5 16. Nc4 a4 17. Rxa4 Rxa4 18. Rxa4 cxd4 19. Bxd4 Bc5 $5 {
All this was played before with good results for Black.It is not clear why
White choose this line.} (19... Nc5 $1 20. Bxc5 (20. Rxb4 Bc6 21. Bxc5 Bxc5 22.
Nfe5 Bxe4 23. Rb5 Bxd3 24. Nxd3 Bd4 $15) 20... Bxc5 21. h3 Qc7 $15 {0-1 Ivanov,
M-Lazic,M/Cutro ITA 2005/(29)}) 20. Ncd2 (20. Na5 Bxd4 21. Nxb7 Qb6 22. Nxd4
Qxd4 23. Qc4 Qxc4 24. Bxc4 Nxe4 25. Rxb4 Rb8 $17) (20. Bxf6 Nxf6 21. Na5 Ba8
$15) 20... Bxd4 (20... Qe7 $5 21. Bxf6 (21. Bxc5 Nxc5 22. Ra7 Rd8 23. Bb5 Nfxe4
$17) 21... Nxf6 22. h3 Rc8 23. Nc4 Nh5 $15) 21. Nxd4 Qb6 22. Qc4 $2 {[%mdl
8192]} (22. N4f3 Nc5 23. Nc4 Qc7 24. Ncd2 Rd8 25. Bf1 Nfxe4 26. Rxb4 Nxd2 27.
Nxd2 Qd6 $15) 22... Nc5 $2 (22... e5 $1 23. Rxb4 (23. Nf5 Ng4 $19) 23... Qxd4
24. Rxb7 Nc5 25. Qxd4 exd4 26. e5 (26. Rb4 Nxd3 27. Rxd4 Nf4 $17) 26... Nxb7
27. exf6 Nc5 $19) 23. Rxb4 Qa5 24. Bf1 Ncxe4 25. Nxe4 Bxe4 26. Nxe6 $1 fxe6 (
26... Bd5 $2 27. Qc5 $16) 27. Qxe6+ Kh8 28. Rxe4 Nxe4 29. Qxe4 $11 Qd2 30. Qe2
Qxe2 31. Bxe2 Rb8 32. Bc4 Rd8 33. f4 Rd2 34. f5 h5 35. h4 Kh7 36. Kh2 g6 37. f6
(37. fxg6+ $11) 37... Rf2 38. f7 Kg7 39. Kg3 Rf6 40. Kh3 Rf4 41. Kg3 1/2-1/2

[Event "Sigeman & Co 13th"]
[Site "Malmo/Copenhagen"]
[Date "2005.04.23"]
[Round "8"]
[White "Nakamura, Hikaru"]
[Black "Timman, Jan H"]
[Result "1/2-1/2"]
[WhiteElo "2657"]
[BlackElo "2607"]
[Annotator "Psakhis,L"]
[PlyCount "128"]
[EventDate "2005.04.15"]
[EventType "tourn"]
[EventRounds "9"]
[EventCountry "SWE"]
[EventCategory "13"]
[SourceTitle "CBM 107"]
[Source "ChessBase"]
[SourceDate "2005.08.01"]
[SourceVersion "1"]
[SourceVersionDate "2005.08.01"]
[SourceQuality "1"]

1. e4 e6 2. d4 d5 3. e5 c5 4. c3 Nc6 5. Nf3 Qb6 6. a3 c4 7. Nbd2 Bd7 8. Be2 Na5
9. Rb1 Ne7 10. O-O h6 11. Re1 O-O-O {As practice has sufficiently shown, Black
doesn't experience any serious problems in this line.} (11... Qc7 $5 {[%cal
Ge7c8,Gc8b6,Gd7a4]} 12. Nf1 Nc8 13. Bf4 Nb6 14. Bg3 Ba4 15. Qc1 O-O-O 16. h4
Bb3 17. N3d2 Ba2 18. Ra1 Bb3 19. h5 Be7 20. Ne3 Kb8 21. Rf1 Ka8 22. Qe1 Ba4 23.
Kh1 g6 $13 {0-1 Haba,P-Naumkin,I/Cappelle le Grande op 1998 (75)}) 12. Qc2 (12.
h4 $6 f5 (12... Kb8 13. h5 Qc7 (13... Ka8 14. Qc2 Qc7 15. Bd1 Nc8 16. Nf1 Nb6
17. Bf4 Ba4 18. Qc1 Bb3 19. N3d2 Bxd1 20. Qxd1 Qd7 21. Ne3 Rc8 22. Bg3 Be7 23.
Qg4 Rhg8 24. Bh4 Bxh4 25. Qxh4 Na4 26. f4 Rc6 $13 {Prie,E-Renet,O/Paris APSAP
1994/1-0 (54)}) 14. Qc2 Nc8 15. Nf1 Nb6 16. Bf4 Ba4 17. Qc1 Be7 18. Bg3 Bb3 19.
N3d2 Ba4 20. Bd1 Qd7 21. Bxa4 Qxa4 $11 {Marzolo,C-Masserey,Y/Cannes op 2000/
0-1 (60)}) 13. h5 $6 (13. exf6 gxf6 {/\Be8-g6}) (13. Nf1 g6 14. Be3 Kb8 $13)
13... g5 14. hxg6 Nxg6 15. b4 cxb3 16. c4 Nf4 (16... Ba4 17. cxd5 exd5 (17...
Rxd5 18. Nc4 $40) 18. Bd3) 17. Bf1 (17. c5 Nxe2+ 18. Qxe2 Qb5 19. Nxb3 Nxb3 20.
Qxb5 Bxb5 21. Rxb3 Bc4 $15) 17... Ba4 18. c5 Qc7 19. Rb2 (19. Nh2) 19... Rg8
$17 {0-1 Shaked,T-Shulman,Y/Halle,W-ch 1995/ChessBase (43)}) (12. Nf1 Kb8 $146
(12... f5 13. exf6 gxf6 14. Ng3 Be8 15. Nh4 Ng6 16. Bg4 $1 $36 f5 17. Ngxf5) (
12... Nb3 13. Be3 Ba4 14. Ng3 (14. N1d2 $5) (14. N3d2 Nf5 15. Bg4 Be7 16. Nxb3
Bxb3 17. Qd2 Nxe3 18. fxe3 a5 {1/2-1/2 Fressinet,L-Radjabov,T/WCh B18 Oropesa
del Mar 1999 (26)}) 14... Qc6 15. Bf1 Nc5 16. Qd2 Ne4 17. Qe2 $13) ({Deserves
attention} 12... Qb3 13. h4 Ba4 {with good game, for example} 14. Qxb3 Bxb3 15.
Ne3 Nf5 16. g4 Nxe3 17. Bxe3 Bc2 18. Rbc1 Bh7 19. Nd2 f5 $11 {1/2-1/2
Beckemeyer,W-Reefschlaeger,H/BL 1986 (19)}) 13. Bf4 g5 $5 {Interesting move,but
} ({I would prefer} 13... Bb5 $5 {[%cal Gb6c6,Gb5a4]}) 14. Bg3 Nf5 15. Ne3 Ka8
(15... Nb3 $5) 16. Nd2 {[%cal Ge2h5]} Be7 (16... Nxg3 17. hxg3 $1 (17. fxg3 Bg7
18. Bh5 (18. Rf1 $6 Bxe5 $1) 18... f6 $1) 17... Bg7 18. Bh5 f6 $140 19. exf6
Bxf6 20. Ng4 Bg7 21. Nf3 $36 {[%csl Ge5]}) 17. Bh5 Rdf8 18. Nxf5 $1 exf5 19. f4
$14 {[%csl Ra5,Rd5,Gh5] 1-0 Prie,E-Mednis,E/Cannes Masters 2000/CBM 75/
[Psakhis,L] (39)}) 12... Kb8 13. Nf1 (13. Bd1 Rc8 (13... Nc8 $5) (13... Qc7 14.
Nf1 Nc8 15. Be3 Nb6 {1/2-1/2 Sveshnikov-Vaiser/Sochi 1985/ChessBase}) 14. Nf1 (
14. h3 Ng6 15. Nf1 Be7 16. Ng3 Rhe8 17. Nh5 Bf8 18. Qe2 Nb3 19. Be3 Ka8 20. g4
Ba4 21. Bc2 Qc6 22. Rf1 Na5 23. Nh2 $14 {1-0 Zhigalko,S-Spice,A/ECC t-ch Izmir
2004/ (29)}) 14... Nb3 15. Bf4 Ka8 16. Ng3 Ba4 17. Qe2 Qb5 (17... g6 18. Nf1 {
/\ Ne3-g4+/-}) 18. Nh5 Na5 19. Nd2 Rc7 20. g4 $1 Nc8 21. Bxa4 Qxa4 22. Nf1 Nb6
23. Bg3 $14 {1-0 Sveshnikov,E-Casper,T/Moscow II 1987(37) 1-0}) 13... Qb3 $1 {
A very natural and logical plan, which seems to promise Black a level game.} (
13... Nb3 14. Bf4 Ba4 15. Bd1 Qc6 16. Qe2 b5 17. Ne3 Nc8 18. Nd2 Nxd2 19. Qxd2
Bxd1 20. Rexd1 Nb6 21. Bg3 Be7 22. f4 g6 23. Qf2 h5 24. Bh4 Qd7 25. Bxe7 Qxe7
26. b3 cxb3 27. Rxb3 a6 28. a4 {Sirotine,K-Elizarov,D/RUS-ch B16 Dagomys 2004/
EXT 2005/1-0 (46)}) 14. Bd1 $146 ({White failed to get any advantage after} 14.
Qxb3 Nxb3 15. Bf4 Nc8 16. Ng3 {1/2-1/2 Sveshnikov,E-Nikolenko,O/Moscow ch-USSR
1991/ChessBase (16)}) (14. Qd2 Qa2 $5) 14... Qxc2 15. Bxc2 Nc8 {[%cal Gc8b6,
Gd7a4] White has got nothing from the opening: Black's pieces are well
developed and coordinated.} 16. a4 {[%csl Ra4]} Nb6 17. Ra1 Rc8 {[%cal Gc8c6,
Gc6a6]} 18. N3d2 Be7 19. f4 g6 20. Ne3 h5 21. g3 Rhg8 (21... Rc6 $142 $5) 22.
h3 Rc6 23. g4 Rh8 {Black lost two tempi, but it is not so important in a
closed position.} 24. Nf3 Rcc8 25. Ra2 hxg4 26. hxg4 Rh3 27. Kg2 Rch8 28. Nf1 (
28. f5 $5 gxf5 29. gxf5 R3h5 $5 30. f6 Bf8 $13) 28... Nb3 29. a5 $8 Nxc1 30.
Rxc1 Nc8 {[%csl Ra5][%cal Ga7a6,Gc8a7,Ga7c6]} 31. Ng3 a6 32. Raa1 (32. Ba4 Kc7
33. Bxd7 Kxd7 34. f5 gxf5 35. gxf5 exf5 $5 36. Nxf5 R3h5 $13) 32... Na7 33. Rh1
Rxh1 34. Nxh1 Nc6 {Black is increasing the pressure against the main target -
White's a5 pawn.} 35. Nf2 $5 {[%cal Gf2h3,Gh3g5]} Kc8 {[%csl Rf7][%cal Gc8f8]}
(35... Bd8 36. Ba4 $1) 36. Nh3 Kd8 (36... Bd8 37. Nhg5 Rf8 38. Nh7) 37. Nhg5
Ke8 38. Kg3 Bd8 39. Ba4 Nb8 (39... Ke7 40. Nd2 $5 {[%cal Gb2b3]}) 40. b3 (40.
Bxd7+ Nxd7 41. f5 gxf5 42. gxf5 exf5 43. Kf4 Nb8 44. e6 fxe6 45. Nxe6 Nc6 $132)
40... cxb3 (40... Bxa4 $142 $5 41. Rxa4 (41. bxa4 Nc6) 41... cxb3 42. Nd2 $1
Rh1 43. Nxb3 Nc6 $15) 41. Bxb3 {[%cal Gf4f5]} (41. Bxd7+ $143 Nxd7 42. Nd2 b2)
41... Bc6 (41... Nc6 42. Ba4) 42. f5 $1 gxf5 43. gxf5 exf5 44. c4 (44. Kf4 $5 {
[%csl Gb3,Gf4,Gg5]}) 44... dxc4 45. Bxc4 {[%cal Og5f7,Cf7f6,Cf6g5,Rd4d5]} Bxf3
46. Nxf7 $6 (46. Nxf3 Nc6 47. Kf4 (47. d5 Nxe5 $5 48. Nxe5 Bc7 49. Kf4 Rh4+ 50.
Kxf5 (50. Kg5 Bxe5 $1) 50... Rh5+ 51. Ke4 Rxe5+ 52. Kf3 $11) 47... Nxa5 $13)
46... Rh1 $1 47. Rxh1 Bxh1 48. Nxd8 Kxd8 49. d5 Nd7 50. Kf4 Nc5 {Leads to a
quick draw.} ({Possibly Black should have preferred} 50... Be4 $5 {but after}
51. d6 $8 (51. e6 b5 $5 52. axb6 (52. Be2 Bxd5 53. exd7 Kxd7 54. Kxf5 Kd6 $19)
(52. Ba2 Nc5 53. d6 b4 $19) 52... Nxb6 53. Bxa6 Nxd5+ 54. Ke5 Nb4 55. Bf1 Ke7
56. Bh3 Nd3+ 57. Kd4 Kxe6 $19) 51... b5 52. Bf7 $1 Nb8 53. e6 Nc6 54. Kg5 Ne7
$1 55. Kf6 Nd5+ 56. Ke5 b4 57. Kd4 {I don't see how he can improve position.})
51. Kxf5 Ke7 52. Kf4 Bg2 53. Ke3 Ne4 54. Bb3 Ng5 55. Ba2 Nf7 56. Kd4 Bf3 57.
Bb1 Bg2 58. Bf5 Kd8 59. Bd3 $11 Bxd5 60. Kxd5 Nxe5 61. Kxe5 Kc7 62. Kd5 b6 63.
axb6+ Kxb6 64. Bxa6 Kxa6 1/2-1/2

[Event "Karjakin-Nakamura m"]
[Site "Playchess.com INT"]
[Date "2005.04.29"]
[Round "?"]
[White "Karjakin, Sergey"]
[Black "Nakamura, Hikaru"]
[Result "1-0"]
[WhiteElo "2635"]
[BlackElo "2657"]
[PlyCount "71"]
[EventDate "2005.04.29"]
[EventType "match (blitz)"]
[EventRounds "7"]
[EventCountry "GER"]
[SourceTitle "EXT 2008"]
[Source "ChessBase"]
[SourceDate "2007.11.25"]
[SourceVersion "1"]
[SourceVersionDate "2007.11.25"]
[SourceQuality "1"]

1. e4 c5 2. Nf3 d6 3. d4 cxd4 4. Nxd4 e6 5. Nc3 Nf6 6. g4 a6 7. g5 Nfd7 8. h4
b5 9. a3 Nb6 10. h5 Bb7 11. Rh3 Qe7 12. g6 f6 13. Qg4 e5 14. Nf5 Bc8 15. Be3
Bxf5 16. Qxf5 N8d7 17. gxh7 Nc5 18. O-O-O Nba4 19. Nd5 Qf7 20. Rg3 Ne6 21. Bh3
Nc7 22. f4 Nxd5 23. Rxd5 exf4 24. Bxf4 Nb6 25. Rc3 Rd8 26. Rc6 Nxd5 27. exd5
Be7 28. Bg4 Kf8 29. Rxa6 Rb8 30. c3 Rd8 31. Rb6 Qe8 32. Qg6 Qf7 33. Be6 Qe8 34.
Rxb5 f5 35. Rb7 Rb8 36. Rxb8 1-0

[Event "Karjakin-Nakamura m"]
[Site "Playchess.com INT"]
[Date "2005.04.29"]
[Round "?"]
[White "Karjakin, Sergey"]
[Black "Nakamura, Hikaru"]
[Result "0-1"]
[WhiteElo "2635"]
[BlackElo "2657"]
[PlyCount "92"]
[EventDate "2005.04.29"]
[EventType "match (blitz)"]
[EventRounds "7"]
[EventCountry "GER"]
[SourceTitle "EXT 2008"]
[Source "ChessBase"]
[SourceDate "2007.11.25"]
[SourceVersion "1"]
[SourceVersionDate "2007.11.25"]
[SourceQuality "1"]

1. e4 c5 2. Nf3 d6 3. d4 cxd4 4. Nxd4 Nf6 5. Nc3 a6 6. Be3 e5 7. Nb3 Be6 8. f3
h5 9. Be2 Nbd7 10. O-O Rc8 11. a4 g6 12. Qd2 h4 13. Nc1 Nb6 14. a5 Nc4 15. Bxc4
Bxc4 16. Rd1 d5 17. Nxd5 Bxd5 18. exd5 Bd6 19. b3 e4 20. fxe4 O-O 21. Bd4 Re8
22. Rf1 Nxe4 23. Qh6 Be5 24. Bxe5 Rxe5 25. c4 Nc5 26. Ra2 Qe7 27. Raf2 Rf8 28.
h3 Ne4 29. Rf4 Rh5 30. Rxe4 Qxe4 31. Qf4 Qc2 32. Qe3 Rf5 33. Rxf5 Qxf5 34. Nd3
Qf6 35. c5 Qa1+ 36. Kh2 Qxa5 37. d6 Qc3 38. b4 a5 39. bxa5 Qxa5 40. Qd4 Qd2 41.
Qe4 Qg5 42. Kh1 Ra8 43. Ne1 Qxc5 44. Qxb7 Ra1 45. Qb8+ Kh7 46. Qe8 Qf2 0-1